000 00528nam a2200205Ia 4500
005 20230816115828.0
008 131103s9999 xx 000 0 und d
040 _aLoreto College
041 _aEnglish
082 _a920
_bROM-YOU
100 _aYoung,Desmond
245 _aRommel
_cDesmond Young;with a foreword by Claudo Auchinleck
260 _a[s.l.]
_bFontana Press
_c1955
300 _a316 p.
_b illus.,maps
504 _aIncludes index
650 _aRommel
651 _aBiography
850 _aLCLIB
942 _cBK
999 _c13894
_d64373